| 000 | 01165cam a2200217 4500 | ||
|---|---|---|---|
| 001 | WB@3612-855 | ||
| 008 | 041117n2004 000 0 eng u | ||
| 035 | _a(Sirsi) u128019 | ||
| 245 | _aUK motorways worst in Europe | ||
| 260 | _c2004 | ||
| 490 |
_aPlanning (for the Natural and Built Environment) _v12 November 2004, 6(1) |
||
| 520 | _a"Road fact file 2004" has been published by the Road Users Alliance. It states that the UK's network is 14th in a European league table of 15, based on a comparison between motorway length and gross domestic products. Motorways account for nearly 20% of all traffic but represent less than 1% of the UK's total road length. The report calculates that UK motorists pay £42.2bn a year in tax and inject an extra £75.2bn into the economy through vehicle purchase, fuel and basic running costs. Yet just £6.7bn was spent on roads infrastructure in 2003. The report can be found at: http://www.rua.org.uk/. | ||
| 590 | _aWB | ||
| 590 | _aWB | ||
| 650 | _aPUBLIC TRANSPORT | ||
| 650 | _aROADS | ||
| 650 |
_aInfrastructure _96246 |
||
| 650 | _aROAD BUILDING | ||
| 690 | _aTRANSPORT AND COMMUNICATIONS | ||
| 942 | _n0 | ||
| 999 |
_c118325 _d118325 |
||